50 states, 500 state parks : (Record no. 590566)

000 -LEADER
fixed length control field 01543cam a22004335i 4500
001 - CONTROL NUMBER
control field 21839737
003 - CONTROL NUMBER IDENTIFIER
control field NUST
005 - DATE AND TIME OF LATEST TRANSACTION
control field 20220825103922.0
008 - FIXED-LENGTH DATA ELEMENTS--GENERAL INFORMATION
fixed length control field 201214t20202020ilua 000 0 eng d
010 ## - LIBRARY OF CONGRESS CONTROL NUMBER
LC control number 2020304671
020 ## - INTERNATIONAL STANDARD BOOK NUMBER
International Standard Book Number 1645581314
020 ## - INTERNATIONAL STANDARD BOOK NUMBER
International Standard Book Number 9781645581314
035 ## - SYSTEM CONTROL NUMBER
System control number (OCoLC)on1141280168
038 ## - RECORD CONTENT LICENSOR
Staff Name Azhar
040 ## - CATALOGING SOURCE
Original cataloging agency CPL
Language of cataloging eng
Transcribing agency CPL
Description conventions rda
Modifying agency CPL
-- OCLCF
-- CD5
-- DLC
042 ## - AUTHENTICATION CODE
Authentication code lccopycat
043 ## - GEOGRAPHIC AREA CODE
Geographic area code n-us---
082 ## - DEWEY DECIMAL CLASSIFICATION NUMBER
Classification number 917.304
Author Mark FIF
245 00 - TITLE STATEMENT
Title 50 states, 500 state parks :
Remainder of title an essential guide to America's best places to visit
Statement of responsibility, etc. contributing writer, Marty Strasen.
246 3# - VARYING FORM OF TITLE
Title proper/short title Fifty states, Five hundred state parks
260 ## - PUBLICATION, DISTRIBUTION, ETC.
Place of publication, distribution, etc. Morton Grove, IL :
Name of publisher, distributor, etc. Publications International, Ltd.
Date of publication, distribution, etc. 2020
264 #4 - PRODUCTION, PUBLICATION, DISTRIBUTION, MANUFACTURE, AND COPYRIGHT NOTICE
Date of production, publication, distribution, manufacture, or copyright notice ©2020
300 ## - PHYSICAL DESCRIPTION
Extent 144 pages :
Other physical details color illustrations ;
Dimensions 25 cm
336 ## - CONTENT TYPE
Content type term text
Content type code txt
Source rdacontent
336 ## - CONTENT TYPE
Content type term still image
Content type code sti
Source rdacontent
337 ## - MEDIA TYPE
Media type term unmediated
Media type code n
Source rdamedia
338 ## - CARRIER TYPE
Carrier type term volume
Carrier type code nc
Source rdacarrier
650 #0 - SUBJECT ADDED ENTRY--TOPICAL TERM
Topical term or geographic name entry element Parks
Geographic subdivision United States
Form subdivision Pictorial works.
9 (RLIN) 94815
650 #0 - SUBJECT ADDED ENTRY--TOPICAL TERM
Topical term or geographic name entry element Parks
Geographic subdivision United States.
9 (RLIN) 94816
650 #7 - SUBJECT ADDED ENTRY--TOPICAL TERM
Topical term or geographic name entry element Parks.
Source of heading or term fast
Authority record control number or standard number (OCoLC)fst01053705
9 (RLIN) 33616
651 #7 - SUBJECT ADDED ENTRY--GEOGRAPHIC NAME
Geographic name United States.
Source of heading or term fast
Authority record control number or standard number (OCoLC)fst01204155
655 #7 - INDEX TERM--GENRE/FORM
Genre/form data or focus term Illustrated works.
Source of term fast
Authority record control number (OCoLC)fst01423873
9 (RLIN) 94792
655 #7 - INDEX TERM--GENRE/FORM
Genre/form data or focus term Pictorial works.
Source of term fast
Authority record control number (OCoLC)fst01423874
9 (RLIN) 81105
655 #7 - INDEX TERM--GENRE/FORM
Genre/form data or focus term Illustrated works.
Source of term lcgft
9 (RLIN) 94792
700 1# - ADDED ENTRY--PERSONAL NAME
Personal name Strasen, Marty,
Relator term author.
9 (RLIN) 94817
906 ## - LOCAL DATA ELEMENT F, LDF (RLIN)
a 0
b ibc
c copycat
d 2
e ncip
f 20
g y-gencatlg
942 ## - ADDED ENTRY ELEMENTS (KOHA)
Source of classification or shelving scheme
Koha item type Lincoln Corner
Holdings
Withdrawn status Lost status Source of classification or shelving scheme Damaged status Not for loan Permanent Location Current Location Shelving location Date acquired Full call number Barcode Date last seen Price effective from Koha item type
          Central Library (CL) Central Library (CL) Lincoln Corner 07/24/2022 917.304 FIF LC-92 07/24/2022 07/24/2022 Reference
© 2023 Central Library, National University of Sciences and Technology. All Rights Reserved.